000 00592nam a2200217 a 4500
001 BRCA_8168
005 20190320210148.0
008 070514s1958----sz-a###f##---#000-0#ger-#
041 _ager
044 _asz
050 4 _aSB382
_b.R45
_c1958
100 1 _aReinhardt, Hans
_920360
245 1 0 _aDer kirschgarten
_ceine wegleitung von Hans Reinhard.
260 _aBasilea, Suiza
_bBirkhäuser
_c1958
300 _a64 p.
_bil., fot.
_c19 cm.
500 _aX70
650 1 4 _aJardines frutales
_zSuiza
_920361
650 1 4 _aJardines ornamentales
_zSuiza
_920362
902 _aGFM
942 _2lcc
_cB
999 _c7836
_d7836